Statystyki dla Kapitanowie poszczególnych klubów. #1

Kliknij tutaj aby rozwiązać quiz!

Ogólne statystyki

  • Ten quiz został rozwiązany 43 razy
  • Średni wynik to 4 z 7

Statystyki odpowiedzi

KlubKapitan% Poprawnych
PSGMarquinhos
88%
InterSamir Handanović
65%
FC PortoPepe
50%
ValenciaJose Gaya
48%
RangersJames Tavernier
45%
Bayer 04Lukas Hradecky
35%
Athletic BilbaoIker Muniain
33%

Rozkład punktacji

Percentyl według liczby udzielonych odpowiedzi

Procent ludzi z każdym wynikiem

Twoja historia wyników

Nie rozwiązałeś tego quizu